<?xml version="1.0" encoding="UTF-8"?>
<marc:record xmlns:marc="http://www.loc.gov/MARC21/slim">
   <marc:leader>00000nam a2200000 a 4500</marc:leader>
   <marc:datafield ind1="1" ind2=" " tag="100">
      <marc:subfield code="a">Schleicher-Brückl, Dorothea</marc:subfield>
      <marc:subfield code="4">aut</marc:subfield>
      <marc:subfield code="e">Verfasser/-in</marc:subfield>
   </marc:datafield>
   <marc:datafield ind1="0" ind2="0" tag="245">
      <marc:subfield code="a">Der Immuncode</marc:subfield>
   </marc:datafield>
   <marc:datafield ind1="0" ind2="0" tag="245">
      <marc:subfield code="b">Alles über unsere körpereigene Abwehr ... und wie wir uns natürlich gegen Viren und Bakterien schützen können</marc:subfield>
   </marc:datafield>
   <marc:datafield ind1="0" ind2="0" tag="245">
      <marc:subfield code="c">Dr. Dorothea Schleicher-Brückl ; unter Mitarbeit von Dr. Stefan und Claudia Rieß</marc:subfield>
   </marc:datafield>
   <marc:datafield ind1=" " ind2="1" tag="264">
      <marc:subfield code="a">München</marc:subfield>
      <marc:subfield code="b">Europa Verlag</marc:subfield>
      <marc:subfield code="c">2021</marc:subfield>
   </marc:datafield>
   <marc:datafield ind1="1" ind2=" " tag="520">
      <marc:subfield code="a">Angaben aus der Verlagsmeldung

Der Immun-Code : Alles über unsere körpereigene Abwehr und wie wir uns natürlich gegen Viren und Bakterien schützen können / von Dorothea Schleicher-Brückl

Ein starkes und leistungsfähiges Immunsystem ist die wichtigste Voraussetzung, um Bakterien, Viren und andere Krankheitserreger erfolgreich zu bekämpfen und dauerhaft gesund zu bleiben. Für die Stärkung der körpereigenen Abwehr gibt es viele Möglichkeiten: von gesunder Ernährung, genügend Bewegung und ausreichender Entspannung bis hin zu gezielten Prophylaxemaßnahmen und neuen Therapieverfahren wie der paraspezifischen Immunabwehr bei akuten Krisen. Wenn unsere Immunabwehr geschwächt ist, kann sie die alltäglichen Herausforderungen nicht mehr gut meistern, und unser Organismus ist nicht länger gegen Krankheitserreger geschützt.
In ihrem Buch Der Immun-Code beschreibt Dr. Schleicher-Brückl den Aufbau des Immunsystems und seine wichtigsten Bestandteile. Sie gibt Ratschläge und Tipps, wie wir unsere Abwehr durch eine entsprechende Ernährung und Lebensweise effizient unterstützen und wie wir erfolgreich vor Infektionen – und somit auch vor dem Coronavirus – schützen können.
</marc:subfield>
   </marc:datafield>
   <marc:datafield ind1=" " ind2=" " tag="020">
      <marc:subfield code="a">9783958903524</marc:subfield>
      <marc:subfield code="9">9783958903524</marc:subfield>
   </marc:datafield>
   <marc:datafield ind1=" " ind2=" " tag="020">
      <marc:subfield code="a">3958903525</marc:subfield>
      <marc:subfield code="9">3958903525</marc:subfield>
   </marc:datafield>
   <marc:datafield ind1=" " ind2=" " tag="041">
      <marc:subfield code="a">ger</marc:subfield>
   </marc:datafield>
   <marc:datafield ind1=" " ind2=" " tag="300">
      <marc:subfield code="a">223 Seiten</marc:subfield>
   </marc:datafield>
</marc:record>
